000 00325nam a22001337a 4500
008 250423b |||||||| |||| 00| 0 eng d
020 _a1856192419
050 _aHD1022
_b.A53
100 _aAMANOR, Sabastian Kojo
245 _aThe New Frontier
260 _aLondon
_bZ60 Books Ltd.
_c1994
300 _axii, 244p.
942 _cBK
999 _c3125
_d3125